Mecánica Técnica
Bewaard in:
| Hoofdauteurs: | , |
|---|---|
| Formaat: | Boek |
| Taal: | Spaans |
| Gepubliceerd in: |
Buenos Aires
Hachette
1951
|
| Onderwerpen: | |
| Tags: |
Voeg label toe
Geen labels, Wees de eerste die dit record labelt!
|
MARC
| LEADER | 00000nam a2200000 a 4500 | ||
|---|---|---|---|
| 001 | UCH1687 | ||
| 003 | CL-VaPUC | ||
| 008 | 090507e19510000AG |||||||||||||||||spa|d | ||
| 082 | 0 | 4 | |a 620.1 |b TIM |2 21 |
| 100 | 0 | |a Timoshenko, Stephen P |e author |9 536150 | |
| 700 | 0 | |a Young, Donovan Harold |e author |9 536151 | |
| 245 | 1 | 0 | |a Mecánica Técnica |
| 300 | |a 570 p | ||
| 942 | |c BK | ||
| 945 | |d 20090507 00:00:00 |a dcastane | ||
| 260 | |a Buenos Aires |b Hachette |c 1951 | ||
| 650 | 0 | |a Mecánica |9 260096 | |
| 650 | 7 | |a FUERZAS |2 CL-VaPUC |9 360776 | |
| 650 | 0 | |a Estática |9 260452 | |
| 650 | 0 | |a Cinemática |9 260942 | |
| 650 | 0 | |a Movimiento |9 322237 | |
| 650 | 0 | |a Dinámica |9 260136 | |
| 583 | |a last modification |c 20090507 00:00:00 |k Rodrigo Vera | ||
| 999 | |c 333602 |d 333600 | ||